[Event "POL-chT 2nd League"]
[Site "Jastrzebia Gora"]
[Date "2022.09.10"]
[Round "8.45"]
[White "Duda, Lukasz"]
[Black "Flak, Pawel"]
[Result "1-0"]
[WhiteElo "2115"]
[BlackElo "2190"]
[PlyCount "91"]
[EventDate "2022.09.03"]
[EventType "team-swiss"]
[EventRounds "9"]
[EventCountry "POL"]
[SourceTitle "CBM 210 Extra"]
[Source "ChessBase"]
[SourceDate "2022.11.30"]
[SourceVersion "1"]
[SourceVersionDate "2022.11.30"]
[SourceQuality "1"]
[WhiteTeam "Gliwice Politechnika Slaska"]
[BlackTeam "Plock Hetman"]
[WhiteTeamCountry "POL"]
[BlackTeamCountry "POL"]

1. f4 d5 2. Nf3 c5 3. b3 Nc6 4. Bb2 Nf6 5. e3 Bf5 6. Bb5 Qb6 7. Bxc6+ Qxc6 8. Ne5 Qc7 9. d3 Bd7 10. Nd2 e6 11. Qe2 Bb5 12. c4 Ba6 13. a4 Rd8 14. 0-0 Be7 15. Ng4 Nxg4 16. Qxg4 Bf6 17. Bxf6 gxf6 18. f5 e5 19. Rad1 h5 20. Qh4 Ke7 21. Nb1 d4 22. e4 Rdg8 23. Rf3 Rg4 24. Qf2 Rhg8 25. Nd2 Qa5 26. Kf1 Qc3 27. g3 h4 28. Ke2 Qc2 29. Rg1 Rh8 30. h3 hxg3 31. Rgxg3 Rgh4 32. Qg2 Kf8 33. Rg7 R4h6 34. Rfg3 Qc3 35. Rg8+ Ke7 36. Rxh8 Rxh8 37. Rg8 Rxg8 38. Qxg8 Qc1 39. Qg2 Qc3 40. h4 Qa5 41. h5 Qd8 42. h6 Qf8 43. Qg7 b6 44. Nf3 Bc8 45. Nxe5 fxe5 46. f6+ 1-0

[Event "POL-chT 2nd League"]
[Site "Jastrzebia Gora"]
[Date "2022.09.07"]
[Round "5.82"]
[White "Duda, Lukasz"]
[Black "Rzeszowski, Dominik"]
[Result "1/2-1/2"]
[WhiteElo "2115"]
[BlackElo "1855"]
[PlyCount "105"]
[EventDate "2022.09.03"]
[EventType "team-swiss"]
[EventRounds "9"]
[EventCountry "POL"]
[SourceTitle "CBM 210 Extra"]
[Source "ChessBase"]
[SourceDate "2022.11.30"]
[SourceVersion "1"]
[SourceVersionDate "2022.11.30"]
[SourceQuality "1"]
[WhiteTeam "Gliwice Politechnika Slaska"]
[BlackTeam "Bialoleka Sparta"]
[WhiteTeamCountry "POL"]
[BlackTeamCountry "POL"]

1. e4 c5 2. Nc3 a6 3. g3 b5 4. Bg2 Bb7 5. d3 e6 6. Nf3 d5 7. exd5 exd5 8. d4 c4 9. 0-0 Nf6 10. Bf4 Be7 11. Re1 0-0 12. Ne5 Nc6 13. a3 Re8 14. Nxc6 Bxc6 15. Be5 Qd7 16. h3 a5 17. Bxf6 Bxf6 18. Ne2 Re7 19. Qd2 Rae8 20. Kf1 Qf5 21. g4 Bg5 22. Qc3 Qf6 23. Ng3 Qf4 24. Rxe7 Rxe7 25. Ne2 Qc7 26. Qg3 Qxg3 27. Nxg3 g6 28. Ne2 b4 29. axb4 axb4 30. Ra5 Rd7 31. Ra6 Bb7 32. Ra7 Re7 33. f4 Bh4 34. g5 Kf8 35. Ra5 Rd7 36. Bf3 f6 37. gxf6 Bxf6 38. Rb5 Be7 39. Bg4 Rc7 40. Be6 Bc6 41. Ra5 Bd7 42. Bg4 h5 43. Bxd7 Rxd7 44. Kf2 Kf7 45. Kf3 Ke6 46. Ng3 Bd6 47. Ne2 Rf7 48. Ke3 Rf5 49. Ra6 Ke7 50. Ra7+ Ke6 51. Ra6 Ke7 52. Ra7+ Ke6 53. Ra6 1/2-1/2

[Event "POL-chT 2nd League"]
[Site "Jastrzebia Gora"]
[Date "2019.09.14"]
[Round "8.4"]
[White "Duda, Lukasz"]
[Black "Brzeski, Maciej"]
[Result "0-1"]
[WhiteElo "2209"]
[BlackElo "2339"]
[PlyCount "104"]
[EventDate "2019.09.07"]
[EventType "team-swiss"]
[EventRounds "9"]
[EventCountry "POL"]
[SourceTitle "EXT 2020"]
[Source "ChessBase"]
[SourceDate "2019.10.17"]
[SourceVersion "1"]
[SourceVersionDate "2019.10.17"]
[SourceQuality "1"]
[WhiteTeam "Gliwice Politechnika Slaska"]
[BlackTeam "Stara Wies Parnas"]
[WhiteTeamCountry "POL"]
[BlackTeamCountry "POL"]

1. e4 c5 2. Nc3 Nc6 3. d3 g6 4. Be3 Nd4 5. Qd2 Bg7 6. Nce2 d5 7. c3 Ne6 8. f3 Nf6 9. e5 d4 10. Bf2 Nd5 11. f4 b6 12. cxd4 cxd4 13. Nh3 Bb7 14. Rg1 Qd7 15. Rc1 f6 16. exf6 Bxf6 17. g4 Ne3 18. Bxe3 dxe3 19. Qxe3 Bxb2 20. Rb1 Bf6 21. Bg2 Nd4 22. Kf1 0-0-0 23. Bxb7+ Qxb7 24. Qe4 Qxe4 25. dxe4 Nf3 26. Rc1+ Kb7 27. Rg3 Nd2+ 28. Kg2 Nxe4 29. Re3 Nd6 30. Ng3 Rhe8 31. Rce1 e5 32. fxe5 Nc4 33. Rf3 Rxe5 34. Rxe5 Bxe5 35. Rf7+ Ka6 36. Ne4 Rd3 37. Nhg5 Ra3 38. Rxh7 Ne3+ 39. Kf3 Nd5+ 40. Ke2 Rxa2+ 41. Nd2 Nf6 42. Re7 Nxg4 43. Ngf3 Bf4 44. h3 Ne5 45. Nxe5 Rxd2+ 46. Kf3 Bxe5 47. Rxe5 Rd6 48. Kg4 b5 49. h4 Kb6 50. Kg5 a5 51. Re8 a4 52. Rb8+ Kc5 0-1

[Event "POL-chT 1st League"]
[Site "Pokrzywna"]
[Date "2018.09.09"]
[Round "9.3"]
[White "Duda, Lukasz"]
[Black "Krzyzanowski, Marcin"]
[Result "0-1"]
[WhiteElo "2201"]
[BlackElo "2477"]
[PlyCount "76"]
[EventDate "2018.09.01"]
[EventType "team-tourn"]
[EventRounds "9"]
[EventCountry "POL"]
[SourceTitle "CBM 186 Extra"]
[Source "ChessBase"]
[SourceDate "2018.08.24"]
[SourceVersion "1"]
[SourceVersionDate "2018.08.24"]
[SourceQuality "1"]
[WhiteTeam "Gliwice Politechnika Slaska"]
[BlackTeam "Raciborz Silesia"]
[WhiteTeamCountry "POL"]
[BlackTeamCountry "POL"]

1. d4 Nf6 2. c4 g6 3. Nc3 d5 4. e3 Bg7 5. Nf3 0-0 6. Bd3 c5 7. dxc5 dxc4 8. Bxc4 Qxd1+ 9. Kxd1 Nbd7 10. Bd2 Nxc5 11. h3 Nfe4 12. Ke2 Nxc3+ 13. Bxc3 Bxc3 14. bxc3 b6 15. Nd2 Bb7 16. f3 Na4 17. Rac1 Rac8 18. Bb3 Nxc3+ 19. Kf2 Bd5 20. e4 Bxb3 21. axb3 Nb5 22. Ke3 Rfd8 23. Rxc8 Rxc8 24. Nc4 Rd8 25. Ra1 f6 26. f4 Kf7 27. g4 Rd7 28. Rc1 Rd8 29. Ra1 h5 30. gxh5 gxh5 31. Rg1 Nd4 32. Nd2 Nc2+ 33. Ke2 Rc8 34. Rg3 Nd4+ 35. Kd3 Ne6 36. f5 Nc5+ 37. Ke2 Rd8 38. b4 Rxd2+ 0-1

[Event "POL-chT 1st League"]
[Site "Pokrzywna"]
[Date "2018.09.03"]
[Round "3.5"]
[White "Wiewiora, Eneasz"]
[Black "Duda, Lukasz"]
[Result "1/2-1/2"]
[WhiteElo "2343"]
[BlackElo "2201"]
[PlyCount "159"]
[EventDate "2018.09.01"]
[EventType "team-tourn"]
[EventRounds "9"]
[EventCountry "POL"]
[SourceTitle "CBM 186 Extra"]
[Source "ChessBase"]
[SourceDate "2018.08.24"]
[SourceVersion "1"]
[SourceVersionDate "2018.08.24"]
[SourceQuality "1"]
[WhiteTeam "Pawlowice Gminy"]
[BlackTeam "Gliwice Politechnika Slaska"]
[WhiteTeamCountry "POL"]
[BlackTeamCountry "POL"]

1. e4 e6 2. d4 d5 3. Bd3 Nf6 4. Nd2 c5 5. e5 Nfd7 6. c3 Nc6 7. Ne2 Qb6 8. Nf3 cxd4 9. cxd4 Bb4+ 10. Bd2 Bxd2+ 11. Qxd2 Qb4 12. Rc1 f6 13. Rc3 fxe5 14. Nxe5 Ndxe5 15. dxe5 Nxe5 16. 0-0 Nxd3 17. Qxd3 0-0 18. Rc7 Qxb2 19. Nd4 Qb6 20. Rfc1 e5 21. Qg3 Qf6 22. Nc6 Be6 23. Rxb7 e4 24. Qe3 Rf7 25. Rxf7 Qxf7 26. h3 Rc8 27. Nd4 Rxc1+ 28. Qxc1 Qd7 29. a4 a5 30. Qc5 Bf7 31. Qxa5 Qc8 32. Qd2 Qc4 33. a5 Be8 34. Qb2 Bd7 35. Qb8+ Kf7 36. Qf4+ Kg8 37. Qd2 h6 38. Qb2 Kf7 39. Qa1 Bc8 40. Kh2 Kg8 41. Kh1 Kh7 42. Qb2 Kg8 43. Kg1 Kh7 44. Qd2 Kg8 45. f3 exf3 46. Nxf3 Qc5+ 47. Kh1 Qb5 48. Nd4 Qb1+ 49. Kh2 Qb8+ 50. Kg1 Qb1+ 51. Kf2 Ba6 52. Nf3 Qf1+ 53. Kg3 Qb5 54. Qc3 Kh7 55. Qc7 Qd3 56. Kh2 Qe4 57. Qe5 Qc4 58. Nd4 Bc8 59. Nf5 Bxf5 60. Qxf5+ Kh8 61. Qf8+ Kh7 62. Qd6 d4 63. a6 Qa4 64. Kh1 Qa1+ 65. Kh2 Qa4 66. h4 Qa5 67. Qe6 Qc5 68. Qe4+ Kh8 69. Qa8+ Kh7 70. Qe4+ Kh8 71. Qe8+ Kh7 72. Qe6 Qa5 73. Qd6 Qa4 74. Kh3 Qa5 75. Kh2 Qa4 76. Kh3 Qa5 77. g3 Qf5+ 78. Kg2 Qe4+ 79. Kh2 Qc2+ 80. Kh3 1/2-1/2

[Event "POL-chT 1st League"]
[Site "Pokrzywna"]
[Date "2018.09.02"]
[Round "2.3"]
[White "Duda, Lukasz"]
[Black "Musialkiewicz, Jan"]
[Result "1/2-1/2"]
[WhiteElo "2201"]
[BlackElo "2244"]
[PlyCount "86"]
[EventDate "2018.09.01"]
[EventType "team-tourn"]
[EventRounds "9"]
[EventCountry "POL"]
[SourceTitle "CBM 186 Extra"]
[Source "ChessBase"]
[SourceDate "2018.08.24"]
[SourceVersion "1"]
[SourceVersionDate "2018.08.24"]
[SourceQuality "1"]
[WhiteTeam "Gliwice Politechnika Slaska"]
[BlackTeam "Chrobry Gniezno"]
[WhiteTeamCountry "POL"]
[BlackTeamCountry "POL"]

1. e4 c5 2. Nf3 e6 3. d4 cxd4 4. Nxd4 Nf6 5. Nc3 d6 6. Be2 Be7 7. 0-0 0-0 8. Kh1 Nc6 9. Be3 Qc7 10. f4 Re8 11. Bd3 a6 12. a4 Nxd4 13. Bxd4 e5 14. Be3 exf4 15. Bxf4 Be6 16. Qe2 Nd7 17. Rad1 g6 18. Qf2 Bf6 19. Qg3 Ne5 20. Be2 Bg7 21. Rd2 Rac8 22. Rfd1 Nc4 23. Bxc4 Qxc4 24. Rxd6 Qb4 25. e5 Qxb2 26. Ne4 Rxc2 27. Qg5 Bf5 28. Rd8 Rc8 29. Nf6+ Bxf6 30. Rxe8+ Rxe8 31. Qxf6 Be4 32. Qg5 Qe2 33. Rc1 Bc6 34. h3 h6 35. Qg3 Kh7 36. Re1 Qc2 37. Rc1 Qb2 38. h4 Qa2 39. Rf1 Bxa4 40. Rf2 Qd5 41. Bd2 Bc6 42. Bc3 Bd7 43. Rd2 Qb5 1/2-1/2

[Event "Suwalki Warakomska Memorial-B 1st"]
[Site "Suwalki"]
[Date "2017.08.13"]
[Round "4"]
[White "Duda, Lukasz"]
[Black "Sapeta, Robert"]
[Result "1/2-1/2"]
[WhiteElo "2198"]
[BlackElo "2040"]
[PlyCount "80"]
[EventDate "2017.08.11"]
[EventType "swiss"]
[EventRounds "9"]
[EventCountry "POL"]
[SourceTitle "CBM 180 Extra"]
[Source "ChessBase"]
[SourceDate "2017.10.06"]
[SourceVersion "1"]
[SourceVersionDate "2017.10.06"]
[SourceQuality "1"]

1. e4 e6 2. d4 c5 3. d5 exd5 4. exd5 d6 5. Nc3 Nf6 6. Nf3 Be7 7. h3 0-0 8. Bd3 Na6 9. 0-0 Nc7 10. a4 b6 11. Bf4 Bb7 12. Bc4 a6 13. Qd2 b5 14. axb5 axb5 15. Nxb5 Nxb5 16. Bxb5 Nxd5 17. Bg3 Qb6 18. c4 Nc7 19. Rae1 Ne6 20. Bd7 Bc8 21. Bb5 Rd8 22. Qd5 Bb7 23. Qf5 g6 24. Qd3 Bf6 25. Rxe6 fxe6 26. Re1 d5 27. Qe2 dxc4 28. Bxc4 Bd5 29. b3 Qb7 30. Ne5 Qg7 31. Ng4 Bd4 32. Bxd5 exd5 33. Qe6+ Kh8 34. Ne5 Rf8 35. Qxd5 Ra2 36. b4 Raxf2 37. Kh2 Rd2 38. Qe6 cxb4 39. Bh4 g5 40. Bg3 Qf6 1/2-1/2

[Event "Olomouc op 19th"]
[Site "Olomouc"]
[Date "2016.08.14"]
[Round "2"]
[White "Gantsooj, Ganzorig"]
[Black "Duda, Lukasz"]
[Result "1-0"]
[WhiteElo "2164"]
[BlackElo "1941"]
[PlyCount "116"]
[EventDate "2016.08.13"]
[EventType "swiss"]
[EventRounds "9"]
[EventCountry "CZE"]
[SourceTitle "CBM 173 Extra"]
[Source "ChessBase"]
[SourceDate "2016.08.29"]
[SourceVersion "1"]
[SourceVersionDate "2016.08.29"]
[SourceQuality "1"]

1. e4 e5 2. Nf3 Nc6 3. Bb5 a6 4. Ba4 Nf6 5. 0-0 Be7 6. Re1 b5 7. Bb3 0-0 8. h3 d6 9. c3 Na5 10. Bc2 c5 11. d4 Nd7 12. Nbd2 exd4 13. cxd4 Nc6 14. Nf1 Qb6 15. Ne3 Nxd4 16. Nxd4 cxd4 17. Nd5 Qd8 18. Bf4 Ne5 19. Qxd4 Bf6 20. Nxf6+ Qxf6 21. Be3 Bxh3 22. Kf1 Be6 23. f4 Rac8 24. Bb3 Bxb3 25. axb3 Rc2 26. Re2 Rfc8 27. Rxc2 Rxc2 28. Qd1 Rc8 29. Rxa6 Ng6 30. Kg1 Qxb2 31. Rxd6 h6 32. f5 Nh4 33. Rd2 Rc1 34. Rxb2 Rxd1+ 35. Kf2 Rd3 36. Re2 Rxb3 37. g3 Nxf5 38. exf5 Rd3 39. Rd2 Rc3 40. Rb2 Rc6 41. Rxb5 Rf6 42. g4 Rd6 43. Rb6 Rd8 44. Kf3 Rd7 45. Bf4 Kh7 46. Be5 Ra7 47. Rb4 Re7 48. Kf4 Re8 49. Rb7 Kg8 50. Rb8 Rxb8 51. Bxb8 f6 52. Ke4 Kf7 53. Bf4 g5 54. Be3 Kg7 55. Kd5 Kf8 56. Ke6 Kg7 57. Bd4 h5 58. gxh5 g4 1-0

[Event "Katowice POL-HUN 4th"]
[Site "Katowice"]
[Date "2016.05.07"]
[Round "4"]
[White "Piorun, Kacper"]
[Black "Duda, Lukasz"]
[Result "1-0"]
[WhiteElo "2681"]
[BlackElo "2200"]
[PlyCount "107"]
[EventDate "2016.05.07"]
[EventType "swiss (rapid)"]
[EventRounds "9"]
[EventCountry "POL"]
[SourceTitle "CBM 172 Extra"]
[Source "ChessBase"]
[SourceDate "2016.06.21"]
[SourceVersion "1"]
[SourceVersionDate "2016.06.21"]
[SourceQuality "1"]

1. e4 e6 2. d4 d5 3. Nc3 dxe4 4. Nxe4 Nf6 5. Nxf6+ Qxf6 6. Nf3 h6 7. Bd3 Bd7 8. 0-0 Bd6 9. Re1 Bc6 10. Ne5 Bxe5 11. dxe5 Qe7 12. Qg4 Nd7 13. Bf1 0-0-0 14. b4 h5 15. Qc4 Nb6 16. Qb3 Rd4 17. c4 Rhd8 18. Be3 Rg4 19. h3 Rg6 20. b5 Be8 21. Bd3 f5 22. exf6 Qxf6 23. Bxg6 Bxg6 24. Rad1 Rxd1 25. Rxd1 Be4 26. f3 Bf5 27. Bxb6 axb6 28. Qe3 h4 29. Qd4 Qe7 30. f4 Qc5 31. Qxc5 bxc5 32. Kf2 Be4 33. Rd2 b6 34. g3 hxg3+ 35. Kxg3 Bf5 36. Kh4 g6 37. Rd1 Bc2 38. Rc1 Bf5 39. Rc3 Kd7 40. Kg5 c6 41. a4 cxb5 42. axb5 Kd6 43. Kf6 Be4 44. Ra3 Bf5 45. Ra6 Kc7 46. Ra7+ Kb8 47. Ra3 Kc7 48. Ke5 Kd7 49. Ra7+ Kc8 50. Kd6 Bxh3 51. Kc6 Kb8 52. Kxb6 Bf1 53. Rg7 Kc8 54. Kxc5 1-0

[Event "POL-chT 2nd League"]
[Site "Jastrzebia Gora"]
[Date "2015.09.09"]
[Round "5.22"]
[White "Nowak, Kamil"]
[Black "Duda, Lukasz"]
[Result "1/2-1/2"]
[WhiteElo "2133"]
[BlackElo "2153"]
[PlyCount "120"]
[EventDate "2015.09.05"]
[EventType "team-swiss"]
[EventRounds "9"]
[EventCountry "POL"]
[SourceTitle "EXT 2017"]
[Source "ChessBase"]
[SourceDate "2016.10.25"]
[SourceVersion "1"]
[SourceVersionDate "2016.10.25"]
[SourceQuality "1"]
[WhiteTeam "Wroclaw MUKS MDK Fabryczna"]
[BlackTeam "Gliwice Politechnika Slaska"]
[WhiteTeamCountry "POL"]
[BlackTeamCountry "POL"]

1. e4 e5 2. Nf3 Nc6 3. Bb5 a6 4. Ba4 Nf6 5. 0-0 b5 6. Bb3 Be7 7. d3 d6 8. a4 Bg4 9. c3 Na5 10. Ba2 c5 11. h3 Bd7 12. axb5 axb5 13. Bg5 0-0 14. Na3 Qb6 15. Nc2 Be6 16. Ne3 Bxa2 17. Rxa2 Qb7 18. Bxf6 Bxf6 19. Nd5 Bd8 20. b4 cxb4 21. cxb4 Nc6 22. Rxa8 Qxa8 23. Qb3 Ne7 24. Nc3 Qc6 25. d4 Ng6 26. dxe5 dxe5 27. Nd5 Re8 28. g3 h6 29. Ra1 Bb6 30. Kg2 Bd4 31. Rd1 Ba7 32. Rd2 Qb7 33. Qd3 Kh7 34. Rc2 Rc8 35. h4 Rxc2 36. Qxc2 f6 37. Qc7 Qxc7 38. Nxc7 Bb8 39. Nxb5 Ne7 40. Nc3 Kg8 41. Nd2 Kf7 42. Nd5 Nc8 43. Nc4 Ke6 44. h5 f5 45. f3 fxe4 46. fxe4 Na7 47. Nc3 Kf6 48. g4 g6 49. hxg6 Kxg6 50. b5 h5 51. Kg3 hxg4 52. Kxg4 Kf6 53. Nd5+ Ke6 54. b6 Nb5 55. Na5 Nd6 56. Nc3 Kd7 57. Kg5 Bc7 58. b7 Bd8+ 59. Kg6 Kc7 60. Kg7 Kb8 1/2-1/2

[Event "Kolobrzeg op"]
[Site "Kolobrzeg"]
[Date "2008.08.25"]
[Round "8"]
[White "Wojciechowski, Piotr"]
[Black "Duda, Lukasz"]
[Result "1-0"]
[WhiteElo "2247"]
[BlackElo "2150"]
[PlyCount "45"]
[EventDate "2008.08.18"]
[EventType "swiss"]
[EventRounds "9"]
[EventCountry "POL"]
[SourceTitle "CBM 126 Extra"]
[Source "ChessBase"]
[SourceDate "2008.11.05"]
[SourceVersion "1"]
[SourceVersionDate "2008.11.05"]
[SourceQuality "1"]

1. e4 d6 2. d4 Nf6 3. Nc3 c6 4. a4 Nbd7 5. Nf3 e5 6. Bc4 Be7 7. 0-0 0-0 8. Re1 h6 9. b3 Re8 10. Ba3 Qc7 11. h3 Bf8 12. Qd2 a6 13. a5 b5 14. axb6 Nxb6 15. Bf1 exd4 16. Qxd4 c5 17. Qd2 Bb7 18. Qf4 Qc6 19. Bc4 Nxc4 20. bxc4 Re6 21. Nd5 Rae8 22. Nd2 Nxd5 23. cxd5 1-0

[Event "POL-chT1"]
[Site "Chotowa"]
[Date "2007.09.09"]
[Round "7"]
[White "Duda, Lukasz"]
[Black "Stysiak, Szymon"]
[Result "1/2-1/2"]
[WhiteElo "2160"]
[BlackElo "2260"]
[PlyCount "33"]
[EventDate "2007.09.03"]
[EventType "team-tourn"]
[EventRounds "9"]
[EventCountry "POL"]
[SourceTitle "EXT 2009"]
[Source "ChessBase"]
[SourceDate "2008.11.26"]
[SourceVersion "1"]
[SourceVersionDate "2008.11.26"]
[SourceQuality "1"]

1. e4 g6 2. Nc3 Bg7 3. g3 d6 4. d3 Nc6 5. Be3 e5 6. Qd2 Be6 7. Bg2 Qd7 8. Nd5 Nce7 9. c4 c6 10. Nxe7 Nxe7 11. Ne2 f5 12. Rc1 h6 13. d4 fxe4 14. dxe5 d5 15. cxd5 cxd5 16. f3 exf3 17. Bxf3 1/2-1/2

[Event "POL-chT3 Liga Slaska"]
[Site "Poland"]
[Date "2007.05.13"]
[Round "9"]
[White "Duda, Lukasz"]
[Black "Moroz, Henryk"]
[Result "1-0"]
[WhiteElo "2162"]
[BlackElo "2062"]
[PlyCount "80"]
[EventDate "2007.01.28"]
[EventType "team-swiss"]
[EventRounds "9"]
[EventCountry "POL"]
[SourceTitle "EXT 2011"]
[Source "ChessBase"]
[SourceDate "2010.11.26"]
[SourceVersion "1"]
[SourceVersionDate "2010.11.26"]
[SourceQuality "1"]
[WhiteTeam "Gliwice Politechnika Slaska II"]
[BlackTeam "Gliwice Carbo"]
[WhiteTeamCountry "POL"]
[BlackTeamCountry "POL"]

1. e4 c6 2. d4 d5 3. e5 Bf5 4. h4 h5 5. Ne2 e6 6. Ng3 Bg6 7. Be2 c5 8. c3 Bxb1 9. Rxb1 g6 10. Nf1 Nc6 11. a3 c4 12. b4 Bh6 13. Ne3 Nce7 14. g3 Qd7 15. a4 Nf5 16. b5 Bxe3 17. Bxe3 Nxe3 18. fxe3 Nh6 19. Kd2 Qe7 20. Qf1 Qa3 21. Bd1 Nf5 22. Qf4 Qf8 23. Bc2 Qh6 24. Qf3 0-0-0 25. Ke2 Kb8 26. a5 f6 27. exf6 Rhf8 28. Bxf5 exf5 29. a6 Rxf6 30. axb7 Re8 31. Kf2 Re4 32. Ra1 Rfe6 33. Rhe1 Rb6 34. Ra5 Rxb7 35. b6 Rxb6 36. Rxd5 Qf8 37. Qe2 Qc8 38. Rc5 Qe6 39. Qxc4 Rb2+ 40. Re2 Qxc4 1-0

[Event "POL-chT3 Liga Slaska"]
[Site "Poland"]
[Date "2007.05.12"]
[Round "7"]
[White "Kryjak, Andrzej"]
[Black "Duda, Lukasz"]
[Result "0-1"]
[WhiteElo "2120"]
[BlackElo "2162"]
[PlyCount "56"]
[EventDate "2007.01.28"]
[EventType "team-swiss"]
[EventRounds "9"]
[EventCountry "POL"]
[SourceTitle "EXT 2011"]
[Source "ChessBase"]
[SourceDate "2010.11.26"]
[SourceVersion "1"]
[SourceVersionDate "2010.11.26"]
[SourceQuality "1"]
[WhiteTeam "Szopienice HetMaN"]
[BlackTeam "Gliwice Politechnika Slaska II"]
[WhiteTeamCountry "POL"]
[BlackTeamCountry "POL"]

1. e4 e6 2. c4 d5 3. exd5 exd5 4. d4 Nf6 5. Nc3 Bb4 6. a3 Bxc3+ 7. bxc3 0-0 8. Bd3 c5 9. Ne2 Be6 10. cxd5 Bxd5 11. 0-0 cxd4 12. Nxd4 Nbd7 13. c4 Be4 14. Bxe4 Nxe4 15. Bb2 Ndf6 16. Qc2 Rc8 17. Rfd1 Qc7 18. Rac1 Ng4 19. Nf3 Ng5 20. Nxg5 Qxh2+ 21. Kf1 f6 22. Qxh7+ Qxh7 23. Nxh7 Kxh7 24. Rd7 Rfd8 25. Rxb7 Rd2 26. f3 Ne3+ 27. Kg1 Rxg2+ 28. Kh1 Kg6 0-1

[Event "Rewal op 11th"]
[Site "Rewal"]
[Date "2006.08.27"]
[Round "9"]
[White "Duda, Lukasz"]
[Black "Siwiec, Arkadiusz"]
[Result "1-0"]
[WhiteElo "2162"]
[BlackElo "2026"]
[PlyCount "87"]
[EventDate "2006.08.21"]
[EventType "swiss"]
[EventRounds "11"]
[EventCountry "POL"]
[SourceTitle "EXT 2010"]
[Source "ChessBase"]
[SourceDate "2010.11.25"]
[SourceVersion "1"]
[SourceVersionDate "2010.11.25"]
[SourceQuality "1"]

1. e4 c5 2. Nc3 d6 3. d3 e6 4. g3 Nc6 5. Bg2 g6 6. Be3 Bg7 7. Qd2 Nf6 8. Bh6 0-0 9. h4 Bxh6 10. Qxh6 Ng4 11. Qd2 h5 12. f3 Nf6 13. Nh3 Kg7 14. 0-0-0 Nd4 15. g4 Rh8 16. gxh5 Nxh5 17. Nf4 a5 18. Nfe2 Qf6 19. f4 Rb8 20. Nxd4 cxd4 21. Ne2 b5 22. Bf3 b4 23. Rdg1 a4 24. Rg5 Kf8 25. Bxh5 Rxh5 26. Ng3 Rh6 27. Rf1 Rxh4 28. f5 Rb5 29. Rxg6 fxg6 30. fxg6 Rf5 31. exf5 exf5 32. Qxb4 Qg5+ 33. Kb1 Qxg3 34. Qb8 Kg7 35. Qxc8 Rf4 36. Qd7+ Kxg6 37. Qxd6+ Kg5 38. Qe7+ Kg6 39. Qe6+ Kh7 40. Qf7+ Kh6 41. Rh1+ Rh4 42. Qf6+ Kh5 43. Qxf5+ Kh6 44. Qf6+ 1-0